Avaliacaona escola de 1er. grau: uma análise sociológica

Сохранить в:
Библиографические подробности
Формат:
Язык:португальский
Опубликовано: Río de Janeiro Papirus 1992
Серии:Magisterio Formacao e Trabalho Pedagogico
Предметы:
Метки: Добавить метку
Нет меток, Требуется 1-ая метка записи!

MARC

LEADER 00000nam a2200000 a 4500
001 UCW7475
003 CL-VaPUC
008 930311e19920000BL |||||||||||||||||por|d
082 0 4 |a 371.26  |b AVA  |2 21 
245 1 0 |a Avaliacaona escola de 1er. grau: uma análise sociológica 
300 |a 162 p 
942 |c BK 
945 |d 19930311 00:00:00 
260 |a Río de Janeiro  |b Papirus  |c 1992 
650 0 |a Evaluación de la educación   |9 237505 
583 |a last modification  |c 19930311 00:00:00  |k Rodrigo Vera 
490 0 |a Magisterio Formacao e Trabalho Pedagogico 
999 |c 220215  |d 220213 
952 |0 0  |1 0  |4 0  |6 371_260000000000000_AVA_1992  |7 0  |8 A  |9 212140  |a BIBEDU  |b BIBEDU  |d 2019-11-15  |i 2803917  |o 371.26 AVA 1992  |p 2803917  |r 2019-11-15  |w 2019-11-15  |y BK  |k EDU